| 000 | 00462 a2200169 4500 | ||
|---|---|---|---|
| 020 | _a 8126501855 | ||
| 040 | _a0 | ||
| 082 | _a 005.133 | ||
| 100 | _aOverland, Brian | ||
| 245 |
_aC++ programming reference _cBrian Overland |
||
| 250 | _a3rd. ed. | ||
| 260 |
_aNew Delhi, India : _bIDG Books Ltd., _cc2001. |
||
| 300 |
_a xv, 595 p. : _bill. ; _c23 cm. |
||
| 500 | _aIncludes Index | ||
| 650 | _a C++ (computer program language) | ||
| 942 |
_cBK _k005.133 OVE _2ddc |
||
| 999 |
_c5992 _d5992 |
||